Entrepreneurship : (Record no. 1357)
[ view plain ]
| 000 -LEADER | |
|---|---|
| fixed length control field | 00879nam a22002412 4500 |
| 001 - CONTROL NUMBER | |
| control field | 0000023699 |
| 005 - DATE AND TIME OF LATEST TRANSACTION | |
| control field | 20151021151148.0 |
| 008 - FIXED-LENGTH DATA ELEMENTS--GENERAL INFORMATION | |
| fixed length control field | 130318s xx 000 0 eng d |
| 020 ## - INTERNATIONAL STANDARD BOOK NUMBER | |
| International Standard Book Number | 9966212047 : |
| 040 ## - CATALOGING SOURCE | |
| Original cataloging agency | KABU |
| Transcribing agency | KABU |
| 100 1# - MAIN ENTRY--PERSONAL NAME | |
| Personal name | Nteere, Kennedy K. |
| -- | 0000183357 |
| 245 10 - TITLE STATEMENT | |
| Title | Entrepreneurship : |
| Remainder of title | a global perspective / |
| Statement of responsibility, etc. | Kennedy K. Nteere. |
| 250 ## - EDITION STATEMENT | |
| Edition statement | 1st ed. |
| 260 ## - PUBLICATION, DISTRIBUTION, ETC. (IMPRINT) | |
| Place of publication, distribution, etc. | Nairobi : |
| Name of publisher, distributor, etc. | Kenhill, |
| Date of publication, distribution, etc. | 2012. |
| 300 ## - PHYSICAL DESCRIPTION | |
| Extent | xviii, 480 p. |
| 650 #0 - SUBJECT ADDED ENTRY--TOPICAL TERM | |
| Topical term or geographic name as entry element | Entrepreneurship. |
| -- | 0000148283 |
| 852 1# - LOCATION | |
| -- | p1800 KES |
| 852 1# - LOCATION | |
| -- | p1800 KES |
| 852 1# - LOCATION | |
| -- | p1800 KES |
| 852 1# - LOCATION | |
| -- | p1800 KES |
| 908 ## - PUT COMMAND PARAMETER (RLIN) | |
| Put command parameter | 130318 |
| 950 ## - LOCAL HOLDINGS (RLIN) | |
| -- | 1 |
| Withdrawn status | Lost status | Source of classification or shelving scheme | Not for loan | Home library | Current library | Date acquired | Total Checkouts | Full call number | Barcode | Date last seen | Date last checked out | Price effective from | Koha item type | Total Renewals | Cost, normal purchase price | Copy number |
|---|---|---|---|---|---|---|---|---|---|---|---|---|---|---|---|---|
| Library of Congress Classification | Kabarak, Nakuru City Campus | Kabarak, Main Campus | 21/10/2015 | 6 | HB615 .N74 2012 c. 1 | 014746 | 23/04/2024 | 27/03/2024 | 21/10/2015 | General Collection | ||||||
| Library of Congress Classification | Kabarak, Nakuru City Campus | Kabarak, Main Campus | 21/10/2015 | 3 | HB615 .N74 2012 c. 2 | 014748 | 04/12/2023 | 28/11/2023 | 21/10/2015 | General Collection | ||||||
| Library of Congress Classification | Kabarak, Main Campus | Kabarak, Main Campus | 21/10/2015 | 7 | HB615 .N74 2012 c. 3 | 34251 | 21/03/2025 | 24/02/2025 | 21/10/2015 | General Collection | 1 | 1800.00 | C.3 | |||
| Library of Congress Classification | Kabarak, Nakuru City Campus | Kabarak, Main Campus | 21/10/2015 | 3 | HB615 .N74 2012 c. 5 | 014749 | 10/06/2024 | 03/06/2024 | 21/10/2015 | General Collection | 1 | |||||
| Library of Congress Classification | Kabarak, Main Campus | Kabarak, Main Campus | 21/10/2015 | 7 | HB615 .N74 2012 c. 4 | 014750 | 02/08/2024 | 18/09/2023 | 21/10/2015 | General Collection | 1 | |||||
| Library of Congress Classification | Kabarak, Main Campus | Kabarak, Main Campus | 17/12/2015 | 13 | HB615 .N74 2012 c. 1 | 014569 | 02/08/2024 | 03/04/2023 | 17/12/2015 | General Collection | 2 | |||||
| Library of Congress Classification | Kabarak, Main Campus | Kabarak, Main Campus | 17/12/2015 | HB615 .N74 2012 c. 2 | 014745 | 17/12/2015 | 17/12/2015 | General Collection | ||||||||
| Library of Congress Classification | Kabarak, Nakuru City Campus | Kabarak, Nakuru City Campus | 21/10/2015 | 9 | HB615 .N74 2012 c. 4 | 015509 | 29/07/2020 | 13/02/2020 | 21/10/2015 | General Collection | 1 |